000 00833nam a22002417a 4500
001 3800
003 FISKH
005 20240508143558.0
008 240508b cb ||||| |||| 00| 0 eng d
040 _aFISK
_beng
_cFISK
_dFISK
050 _aPZ7.M42355
082 _a813.54
100 _aMass Wendy
_d1967-
245 _aBeauty and the beast, the only one who didn't run away /
260 _aNew York :
_bScholastic,
_c2013
300 _a282 pages :
_c20 cm
505 _aM
520 _aStruggling with looks that she thinks do not reflect her name, Beauty meets a gangly youth who lives in the shadow of his older brother and who a witch enchants to assume the form of a beast until a girl willingly dances with him.
521 8 _a760
_bLexiles
700 _aWendy Mass
942 _2ddc
_cBK
_n0
999 _c3800
_d3800